Robin Hood's garland : Being a complete history of Robin Hood and of all the notable and merry exploits performed by him and his men: giving a more particular account of his birth, life, and death, than any hitherto published. Adorned with twenty seven neat and curious cuts, adapted to the subject[.].

Bibliographic Details
Corporate Author: Gale (Firm)
Format: eBook
Language:English
Subjects:
Online Access:Connect to the full text of this electronic book

MARC

Tag First Indicator Second Indicator Subfields
LEADER 00000cam a2200000 4500
001 in00003824524
005 20190415190307.0
006 m o d
007 cr |n||||||||n
008 901205s1800 enk|||| o 00||||eng c
035 |a (CU-RivES)T202484 
035 |a (Uk-ES)006297018 
035 |a (OCoLC)509732182 
040 |a Uk-ES  |c Uk-ES  |d CU-RivES  |d CStRLIN  |d CU-RivES  |d Cengage Gale  |d UtOrBLW 
245 0 0 |a Robin Hood's garland :  |b Being a complete history of Robin Hood and of all the notable and merry exploits performed by him and his men: giving a more particular account of his birth, life, and death, than any hitherto published. Adorned with twenty seven neat and curious cuts, adapted to the subject[.]. 
264 3 |a London :  |b Printed and sold by J. Hollis, No. 21, Shoemaker-Row, Black-Friars,  |c [1800?] 
300 |a 1 online resource (96 pages) :  |b illustrations ; 
336 |a text  |b txt  |2 rdacontent 
337 |a computer  |b c  |2 rdamedia 
338 |a online resource  |b cr  |2 rdacarrier 
509 |a Frontis=ill 
510 4 |a English Short Title Catalog,  |c T202484. 
500 |a Reproduction of original from Bodleian Library (Oxford). 
500 |a Electronic resource. 
600 0 0 |a Robin Hood  |c (Legendary character)  |v Poetry  |v Early works to 1800. 
655 7 |a Electronic books.  |2 local 
710 2 |a Gale (Firm)  |0 http://id.loc.gov/authorities/names/no2008071348 
752 |a Great Britain  |b England  |d London. 
856 4 0 |u http://proxy.library.tamu.edu/login?url=http://find.galegroup.com/ecco/infomark.do?contentSet=ECCOArticles&docType=ECCOArticles&bookId=1502801300&type=getFullCitation&tabID=T001&prodId=ECCO&docLevel=TEXT_GRAPHICS&version=1.0&source=library&userGroupName=txshracd2898  |z Connect to the full text of this electronic book  |t 0 
999 f f |s d78ddc98-d593-3e34-bba2-37bdbc1f7f1b  |i fa2987c6-f1e9-3259-852c-3992737c9d84  |t 0 
952 f f |a Texas A&M University  |b College Station  |c Electronic Resources  |d Available Online  |t 0  |h No information provided 
998 f f |t 0  |l Available Online